|
|
|
|
| LEADER |
00667cam a2200157 7i4500 |
| 001 |
0000021641 |
| 005 |
20080912090000.0 |
| 090 |
0 |
0 |
|a S 658.8
|b MAL
|
| 110 |
2 |
0 |
|a Malaysia External Trade Development Corporation [MATRADE]
|
| 245 |
2 |
0 |
|a 'Marketing Excellence : For Greater International Marketing Success' [26th-27th March 2007 : Kuala Lumpur ,Menara MATRADE].
|
| 260 |
0 |
0 |
|a Kuala Lumpur:
|b MATRADE,
|c 2007.
|
| 300 |
# |
# |
|a [v.p].
|
| 650 |
0 |
0 |
|a Marketing --
|x Seminar papers
|
| 650 |
0 |
0 |
|a Customer services --
|x Marketing --
|x Seminar papers
|
| 999 |
|
|
|a 0000021921
|b Book
|c Seminar Papers
|e Business Information Centre
|
| 999 |
|
|
|a 0000021919
|b Book
|c Seminar Papers
|e Business Information Centre
|